El análisis de savia como índice de fertilización : (Record no. 79642)

MARC details
000 -LEADER
campo de control de longitud fija 00911nam a2200253 i 4500
001 - NÚMERO DE CONTROL
campo de control 79642
003 - IDENTIFICADOR DE NÚMERO DE CONTROL
campo de control ES-MaACL
005 - FECHA Y HORA DE LA ÚLTIMA TRANSACCIÓN
campo de control 20230906174024.0
007 - CAMPO FIJO DE DESCRIPCIÓN FÍSICA--INFORMACIÓN GENERAL
campo de control de longitud fija t|
008 - DATOS DE LONGITUD FIJA--INFORMACIÓN GENERAL
campo de control de longitud fija 041022s1973 sp ||||1| spa d
080 ## - NÚMERO DE LA CLASIFICACIÓN DECIMAL UNIVERSAL
Número de la Clasificación Decimal Universal 581.175:543
080 ## - NÚMERO DE LA CLASIFICACIÓN DECIMAL UNIVERSAL
Número de la Clasificación Decimal Universal 543.581.543
100 1# - ENTRADA PRINCIPAL--NOMBRE DE PERSONA
Nombre de persona Hernando, Valentín.
9 (RLIN) 63095
245 13 - MENCIÓN DEL TÍTULO
Título El análisis de savia como índice de fertilización :
Resto del título estudio comparativo con el análisis foliar /
Mención de responsabilidad, etc. Valentín Hernando, Carlos Cadahia.
260 ## - PUBLICACIÓN, DISTRIBUCIÓN, ETC.
Lugar de publicación, distribución, etc. Madrid :
Nombre del editor, distribuidor, etc. Instituto de Edafología y Biología Vegetal,
Fecha de publicación, distribución, etc. 1973.
300 ## - DESCRIPCIÓN FÍSICA
Extensión XII, 167 p., 6 lám.col. :
Otras características físicas il. ;
Dimensiones 25 cm.
490 1# - MENCIÓN DE SERIE
Mención de serie Manuales de ciencia actual ;
Designación de volumen o secuencia 7
650 ## - PUNTO DE ACCESO ADICIONAL DE MATERIA--TÉRMINO DE MATERIA
Término de materia o nombre geográfico como elemento de entrada Plantas-
Subdivisión general Análisis.
9 (RLIN) 176358
700 1# - ENTRADA AGREGADA--NOMBRE PERSONAL
Nombre de persona Cadahia, Carlos.
9 (RLIN) 33370
710 2# - ENTRADA AGREGADA--NOMBRE DE ENTIDAD CORPORATIVA
Nombre de entidad corporativa o nombre de jurisdicción como elemento de entrada Instituto de Edafología y Biología Vegetal.
9 (RLIN) 4868
830 1# - PUNTO DE ACCESO ADICIONAL DE SERIE-TÍTULO UNIFORME
Título uniforme Manuales de ciencia actual ;
Designación de volumen o secuencia 7
9 (RLIN) 186465
852 4# - LOCALIZACIÓN
Ubicación ES-MaACL
Número de control de estantería C-51958
Holdings
Estatus retirado Estado de pérdida Estado de daño No para préstamo Biblioteca de origen Biblioteca actual Ubicación en estantería Fecha de adquisición Fuente de adquisición Total de préstamos Signatura topográfica completa Código de barras Visto por última vez Precio de reemplazo Tipo de ítem Koha
        Biblioteca del Ateneo de Madrid Biblioteca del Ateneo de Madrid Depósito 2 17/01/2008     C-51958 1083278 23/02/2023 23/02/2023 Libro impreso